000 00963nac a22002657a 4500
001 BR7502898
003 BR-BrBNA
005 20240105113846.0
008 230509b bl.|||m| |||| 00| 0 por d
040 _aBR-BrBNA
_bpor
_cBiblioteca Nacional de Agricultura
072 _aE10; E15
090 _aE10 BR7502898
110 1 _aInstituto Nacional de Colonizacao e Reforma Agraria, Rio de Janeiro, RJ (Brasil). Depto. de Cadastro e Tributacao
_96453
245 1 _aSistematica para transmissao e desmembramento de imoveis rurais [Brasil]
260 3 _aRio de Janeiro, RJ (Brasil):
_c1975.
300 _a133 p.
490 _aInformativo Tecnico - Instituto Nacional de Colonizacao e Reforma Agraria. Depto. de Cadastro e Tributacao (Brazil)
_vno. 3
_x
500 _aNumerical data
650 _aMACROECONOMIA
650 _aMICROECONOMIA
650 _aTERRA
650 _aCADASTRO
909 _a202312
_bLúcia Elande
_c55
_dLúcia Elande
942 _2AGRIS
_n0
_cMS
999 _c265987
_d265987